000 00483nam a22001695i 4500
001 169530
003 ES-MaACL
005 20250530063021.0
008 081009s1970 sp |||| | spa d
080 _a74 Mingote, Antonio
100 1 _aMingote, Antonio,
_d1919-2012
_9240761
245 1 0 _aHombre solo /
_cAntonio Mingote.
260 _aMadrid :
_bMyr,
_c1970.
300 _a49 h. de lám. ;
_c27 cm.
852 _aES-MaACL
_jC-41356
_9R.75643
999 _c169530
_d169530